Nekotorye osobennosti slovoobrazovaniâ v drevnetûrkskih pamâtnikah

Elmentve itt :
Bibliográfiai részletek
Szerző: Nasilov Vladimir Mihajlovič
Dokumentumtípus: Cikk
Megjelent: AN SSSR ; AN Azerbajdžanskoj SSR Baku 1978
Sorozat:Sovetskaâ Tûrkologiâ
Kulcsszavak:Ótörök nyelv
Tárgyszavak:
Online Access:http://misc.bibl.u-szeged.hu/63896
LEADER 00823nab a2200229 i 4500
001 misc63896
005 20241011123304.0
008 220901s1978 hu o 000 rus d
040 |a SZTE Miscellanea Repozitórium  |b hun 
041 |a rus 
100 1 |a Nasilov Vladimir Mihajlovič 
245 1 0 |a Nekotorye osobennosti slovoobrazovaniâ v drevnetûrkskih pamâtnikah  |h [elektronikus dokumentum] /  |c  Nasilov Vladimir Mihajlovič 
260 |a AN SSSR ; AN Azerbajdžanskoj SSR  |b Baku  |c 1978 
300 |a 3-6  |c 25 cm 
300 |a [4] p.  |c 25 cm 
490 0 |a Sovetskaâ Tûrkologiâ 
561 |a Németh Gyula hagyaték 
591 |a NOA 4020 
650 4 |a Bölcsészettudományok 
650 4 |a Nyelvek és irodalom 
695 |a Ótörök nyelv 
856 4 0 |u http://misc.bibl.u-szeged.hu/63896/1/4020_noa.pdf  |z Dokumentum-elérés